000 01035nam a2200289 i 4500
001 000026152
003 DO-SdBNP
005 20240925131453.0
007 ta
008 090925s1942 dr c 000 p spa d
040 _aDO-SdBNP
_bspa
_cBNPHU
_erda
082 4 _aRD861.3
_bF438c
_222
100 1 _aFiallo, Fabio,
_d1866-1942
_934816
245 1 3 _aLa canción de una vida /
_cFabio Fiallo ; prólogo y notas, José Enrique García ; edición, Andrés Blanco Díaz.
264 _aSantiago de los Caballero, República Dominicana :
_bEl Diario,
_c1942.
300 _a150 páginas ;
_c22 cm.
336 _2rdacontent
_atexto
_btxt
337 _2rdamedia
_asin mediación
_bn
338 _2rdacarrier
_avolumen
_bnc
590 _aInventariado, 2019/VM
600 0 _aFIALLO, FABIO,
_d1866-1942
_xCRÍTICA E INTERPRETACIÓN
_928220
650 4 _aPoesía dominicana
_966
650 0 _aLiteratura dominicana.
_967
700 1 _4García, José Enrique,
_eprólogo y notas
700 1 _aBlanco Díaz, Andrés
_eedición
_9172
942 _2ddc
_cLBS1
999 _c25644
_d25644